| 000 | 00575nam a2200205Ia 4500 | ||
|---|---|---|---|
| 003 | LK-CoDNM | ||
| 005 | 20241216110714.0 | ||
| 008 | 121204t1958 xxu||||| |||| 00| 0 sin d | ||
| 040 |
_aLK-CoDNM _dLK-CoDNM _eLK-CoDNM |
||
| 041 | _asin | ||
| 080 |
_a8S-14 14/15 _bRAH |
||
| 100 | _aSumanajothi Himi Giridara | ||
| 245 | _aසැළලිහිණි සංදේශය | ||
| 246 | _aSelalihini Sandeshaya | ||
| 260 |
_bSomagiri Pothhala _aVeyangoda _c1958 |
||
| 300 | _b191p. ; 18 cm | ||
| 650 | _a1958 | ||
| 650 | _aසංදේශ කාව්යය | ||
| 942 | _cBK | ||
| 999 |
_c76788 _d76788 |
||